[Event "Katowice op"]
[Site "Katowice"]
[Date "1991.??.??"]
[Round "3"]
[White "Strzelecki, Krzysztof"]
[Black "Schmidt, Wlodzimierz"]
[Result "1/2-1/2"]
[WhiteElo "2350"]
[BlackElo "2460"]
[PlyCount "31"]
[EventDate "1991.??.??"]
[EventType "swiss"]
[EventRounds "11"]
[EventCountry "POL"]
[SourceTitle "EXT 1997"]
[Source "ChessBase"]
[SourceDate "1996.11.15"]
[SourceVersion "1"]
[SourceVersionDate "1996.11.15"]
[SourceQuality "1"]

1. e4 c5 2. Nf3 e6 3. Nc3 Nc6 4. d4 cxd4 5. Nxd4 Qc7 6. Be2 a6 7. 0-0 Nf6 8. Kh1 Be7 9. f4 d6 10. Be3 0-0 11. Qe1 Nxd4 12. Bxd4 b5 13. a3 Bb7 14. Qg3 Bc6 15. Rae1 Rac8 16. Bd3 1/2-1/2

[Event "POL-chT 46th prel"]
[Site "Bydgoszcz"]
[Date "1990.09.16"]
[Round "1"]
[White "Maciejewski, Miroslaw"]
[Black "Strzelecki, Krzysztof"]
[Result "1/2-1/2"]
[WhiteElo "2335"]
[BlackElo "2380"]
[PlyCount "38"]
[EventDate "1990.09.16"]
[EventType "team-swiss"]
[EventRounds "6"]
[EventCountry "POL"]
[SourceTitle "EXT 2019"]
[Source "ChessBase"]
[SourceDate "2018.10.10"]
[SourceVersion "1"]
[SourceVersionDate "2018.10.10"]
[SourceQuality "1"]
[WhiteTeam "Konin Zaglebie"]
[BlackTeam "Gliwice Piast"]
[WhiteTeamCountry "POL"]
[BlackTeamCountry "POL"]

1. e4 c5 2. Nf3 d6 3. d4 Nf6 4. Nc3 cxd4 5. Nxd4 a6 6. Bg5 e6 7. f4 Qb6 8. Qd2 Qxb2 9. Rb1 Qa3 10. f5 Nc6 11. fxe6 fxe6 12. Nxc6 bxc6 13. Be2 Be7 14. 0-0 0-0 15. Rb3 Qc5+ 16. Be3 Qe5 17. Bd4 Qa5 18. Bb6 Qe5 19. Bd4 Qa5 1/2-1/2

[Event "Val Thorens op"]
[Site "Val Thorens"]
[Date "1990.??.??"]
[Round "8"]
[White "Bricard, Emmanuel"]
[Black "Strzelecki, Krzysztof"]
[Result "1-0"]
[WhiteElo "2375"]
[BlackElo "2415"]
[PlyCount "80"]
[EventDate "1990.??.??"]
[EventType "swiss"]
[EventRounds "9"]
[EventCountry "FRA"]
[SourceTitle "EXT 1999"]
[Source "ChessBase"]
[SourceDate "1998.11.16"]
[SourceVersion "1"]
[SourceVersionDate "1998.11.16"]
[SourceQuality "1"]

1. Nf3 Nc6 2. d4 d6 3. c4 e5 4. Nc3 Bg4 5. d5 Nce7 6. e4 Ng6 7. h3 Bd7 8. h4 Be7 9. g3 h6 10. Be3 Nf6 11. Nh2 c6 12. h5 Nf8 13. f4 Qa5 14. Bd3 N8h7 15. a3 c5 16. 0-0 0-0 17. Be2 a6 18. Qd2 Qc7 19. b4 b6 20. Rfb1 Rfe8 21. Rb3 Bd8 22. bxc5 bxc5 23. Bf3 Qc8 24. Qg2 Ba5 25. Ne2 Rb8 26. Rab1 Rxb3 27. Rxb3 Bh3 28. Qh1 Qd7 29. Nc3 Qc7 30. fxe5 dxe5 31. Kf2 Bxc3 32. Rxc3 Rb8 33. g4 Rb2+ 34. Kg3 Rxh2 35. Qxh2 Bxg4 36. Rb3 Qc8 37. Qb2 Nxh5+ 38. Kf2 Nf8 39. Rb8 Qd7 40. Qb7 Nf6 1-0

[Event "Bielsko Biala op"]
[Site "Bielsko Biala"]
[Date "1990.??.??"]
[Round "7"]
[White "Czerwonski, Aleksander"]
[Black "Strzelecki, Krzysztof"]
[Result "1-0"]
[WhiteElo "2350"]
[BlackElo "2415"]
[PlyCount "75"]
[EventDate "1990.??.??"]
[EventType "swiss"]
[EventRounds "11"]
[EventCountry "POL"]
[SourceTitle "EXT 1997"]
[Source "ChessBase"]
[SourceDate "1996.11.15"]
[SourceVersion "1"]
[SourceVersionDate "1996.11.15"]
[SourceQuality "1"]

1. Nf3 Nc6 2. c4 e5 3. Nc3 Nf6 4. g3 Bc5 5. Bg2 a6 6. 0-0 d6 7. e3 0-0 8. d4 Ba7 9. d5 Ne7 10. e4 h6 11. Qe2 b5 12. cxb5 axb5 13. b4 c5 14. dxc6 Nxc6 15. a3 Nd4 16. Nxd4 Bxd4 17. Bb2 Qb6 18. Nd1 Be6 19. Bxd4 Qxd4 20. Ne3 Qb6 21. Rfd1 Rfd8 22. Rd3 Rac8 23. Rad1 Bc4 24. Nxc4 Rxc4 25. Kh1 Qc6 26. f3 Kf8 27. Bf1 Ke7 28. Bg2 Rc2 29. Qe3 Ne8 30. f4 Rc8 31. fxe5 dxe5 32. Bh3 Rc7 33. Bd7 Qc4 34. Rd5 f6 35. Bxb5 Qa2 36. R1d2 Qb1+ 37. Kg2 R2c3 38. Qe2 1-0

[Event "Orange op"]
[Site "Orange"]
[Date "1990.??.??"]
[Round "1"]
[White "Gallois, C."]
[Black "Strzelecki, Krzysztof"]
[Result "0-1"]
[WhiteElo "1610"]
[BlackElo "2415"]
[PlyCount "92"]
[EventDate "1990.??.??"]
[EventType "swiss"]
[EventRounds "9"]
[EventCountry "FRA"]
[SourceTitle "EXT 1999"]
[Source "ChessBase"]
[SourceDate "1998.11.16"]
[SourceVersion "1"]
[SourceVersionDate "1998.11.16"]
[SourceQuality "1"]

1. e4 c5 2. Nf3 d6 3. d4 Nf6 4. Nc3 cxd4 5. Nxd4 a6 6. f3 e6 7. Be3 Be7 8. Be2 0-0 9. Qd2 b5 10. a3 Qc7 11. 0-0 Bb7 12. Bd3 Nbd7 13. Qf2 Ne5 14. Rac1 Nc4 15. Bxc4 Qxc4 16. Nde2 Rfc8 17. b3 Qc7 18. Rfd1 d5 19. Bb6 Qb8 20. exd5 Bxa3 21. Rb1 Nxd5 22. Nxd5 Bxd5 23. c3 Bd6 24. g3 Bxf3 25. Qxf3 Qxb6+ 26. Kf1 a5 27. Rd3 Rd8 28. Rbd1 Rac8 29. Nd4 Bc5 30. Qe4 h6 31. Ne2 Rxd3 32. Rxd3 Rd8 33. Nd4 b4 34. Ne2 Rxd3 35. Qxd3 Qd6 36. Qxd6 Bxd6 37. c4 Be5 38. Nc1 Kf8 39. Nd3 Bd4 40. Ke2 Ke7 41. Kf3 f5 42. h3 e5 43. Ke2 g5 44. Kd1 e4 45. Nc1 Kd6 46. Ke2 Bb2 0-1

[Event "Katowice op"]
[Site "Katowice"]
[Date "1990.??.??"]
[Round "2"]
[White "Karakashian, Narine"]
[Black "Strzelecki, Krzysztof"]
[Result "1/2-1/2"]
[WhiteElo "2185"]
[BlackElo "2415"]
[PlyCount "85"]
[EventDate "1990.01.27"]
[EventType "swiss"]
[EventRounds "11"]
[EventCountry "POL"]
[SourceTitle "EXT 1997"]
[Source "ChessBase"]
[SourceDate "1996.11.15"]
[SourceVersion "1"]
[SourceVersionDate "1996.11.15"]
[SourceQuality "1"]

1. e4 c5 2. Nf3 d6 3. d4 Nf6 4. Nc3 cxd4 5. Nxd4 a6 6. Bc4 e6 7. Bb3 Be7 8. Be3 0-0 9. a4 b6 10. 0-0 Bb7 11. f3 Nc6 12. Qe1 Qc7 13. Qg3 Kh8 14. Rad1 Rg8 15. Nxc6 Bxc6 16. Qf2 Nd7 17. f4 Nc5 18. Bxc5 dxc5 19. Bc4 Qb7 20. Qe2 Rgb8 21. e5 b5 22. axb5 axb5 23. Bd3 f5 24. exf6 Bxf6 25. Be4 Bxc3 26. Bxc6 Qxc6 27. bxc3 Rd8 28. Rxd8+ Rxd8 29. Re1 Kg8 30. Kf1 Rd6 31. Rd1 c4 32. Qh5 Rxd1+ 33. Qxd1 Qe4 34. Qd2 h6 35. Kf2 Kf7 36. g3 Kg6 37. Qe2 Qd5 38. Qg4+ Kf7 39. Qe2 Kf6 40. Qe3 Kf7 41. Qa7+ Kg6 42. Qe3 Kf6 43. Qe2 1/2-1/2

[Event "Val Thorens op"]
[Site "Val Thorens"]
[Date "1990.??.??"]
[Round "6"]
[White "Pein, Malcolm"]
[Black "Strzelecki, Krzysztof"]
[Result "1-0"]
[WhiteElo "2420"]
[BlackElo "2415"]
[PlyCount "111"]
[EventDate "1990.??.??"]
[EventType "swiss"]
[EventRounds "9"]
[EventCountry "FRA"]
[SourceTitle "EXT 1999"]
[Source "ChessBase"]
[SourceDate "1998.11.16"]
[SourceVersion "1"]
[SourceVersionDate "1998.11.16"]
[SourceQuality "1"]

1. d4 Nc6 2. Nf3 d6 3. e4 Nf6 4. c3 Bg4 5. Bb5 a6 6. Ba4 Nd7 7. Nbd2 e6 8. h3 Bh5 9. Nf1 Be7 10. Ng3 Bg6 11. 0-0 0-0 12. Re1 Nb6 13. Bc2 d5 14. e5 Na7 15. Ne2 c5 16. dxc5 Bxc5 17. Nf4 Bxc2 18. Qxc2 Nc6 19. Nh5 Be7 20. h4 g6 21. Nf6+ Bxf6 22. exf6 Re8 23. Bg5 e5 24. Rad1 e4 25. Nd2 Qc7 26. Nf1 Ne5 27. Qe2 Qc6 28. Ne3 h6 29. Bxh6 Qxf6 30. Nxd5 Nxd5 31. Rxd5 Qxh4 32. Be3 Kh7 33. Rd4 Rad8 34. Red1 Rxd4 35. Rxd4 Re6 36. f3 Qg3 37. Rxe4 f5 38. Rd4 Nxf3+ 39. Qxf3 Qxf3 40. gxf3 Rxe3 41. Rd7+ Kh6 42. Kf2 Re6 43. Rxb7 Kg5 44. c4 Rd6 45. Re7 Kf4 46. c5 Rd5 47. c6 Rc5 48. c7 g5 49. Ke2 g4 50. fxg4 fxg4 51. Kd3 g3 52. Re4+ Kf3 53. Rc4 Rxc4 54. Kxc4 g2 55. c8Q g1Q 56. Qf5+ 1-0

[Event "Orange op"]
[Site "Orange"]
[Date "1990.??.??"]
[Round "9"]
[White "Roos, Daniel"]
[Black "Strzelecki, Krzysztof"]
[Result "1-0"]
[WhiteElo "2380"]
[BlackElo "2415"]
[PlyCount "77"]
[EventDate "1990.??.??"]
[EventType "swiss"]
[EventRounds "9"]
[EventCountry "FRA"]
[SourceTitle "EXT 1999"]
[Source "ChessBase"]
[SourceDate "1998.11.16"]
[SourceVersion "1"]
[SourceVersionDate "1998.11.16"]
[SourceQuality "1"]

1. Nf3 Nc6 2. d4 d6 3. h3 e5 4. dxe5 Nxe5 5. e4 Nxf3+ 6. Qxf3 Be6 7. Nc3 c6 8. Bd3 Nf6 9. 0-0 Nd7 10. Qg3 Ne5 11. Be2 Bc4 12. Bf4 Bxe2 13. Nxe2 Ng6 14. Rad1 Nxf4 15. Qxf4 Qa5 16. Rd3 Be7 17. Nd4 g6 18. a3 Rd8 19. Rfd1 0-0 20. Nb3 Qh5 21. c4 Kg7 22. Qe3 a6 23. Qb6 Bf6 24. Nd4 Qc5 25. Qxb7 Rde8 26. b4 Qxc4 27. Qxc6 Qxc6 28. Nxc6 Rxe4 29. Rxd6 Rc8 30. g3 Re2 31. R1d3 Ra2 32. Kg2 Rc7 33. h4 h5 34. Nd4 Bxd4 35. R6xd4 f5 36. Rd7+ Rxd7 37. Rxd7+ Kh6 38. Rd3 g5 39. Rd6+ 1-0

[Event "Bielsko Biala op"]
[Site "Bielsko Biala"]
[Date "1990.??.??"]
[Round "11"]
[White "Sarwinski, Miroslaw"]
[Black "Strzelecki, Krzysztof"]
[Result "1-0"]
[WhiteElo "2375"]
[BlackElo "2415"]
[PlyCount "77"]
[EventDate "1990.??.??"]
[EventType "swiss"]
[EventRounds "11"]
[EventCountry "POL"]
[SourceTitle "EXT 1997"]
[Source "ChessBase"]
[SourceDate "1996.11.15"]
[SourceVersion "1"]
[SourceVersionDate "1996.11.15"]
[SourceQuality "1"]

1. d4 Nf6 2. c4 c5 3. Nf3 cxd4 4. Nxd4 e6 5. Nc3 d5 6. e3 a6 7. cxd5 exd5 8. Be2 Bd6 9. Bf3 Be5 10. Nde2 Be6 11. Nf4 Bxf4 12. exf4 0-0 13. 0-0 Nc6 14. b3 Qd6 15. Ne2 Bg4 16. Bxg4 Nxg4 17. Nd4 Nxd4 18. Qxd4 Rfe8 19. Bb2 Nf6 20. Rfe1 Rxe1+ 21. Rxe1 Re8 22. Re5 h6 23. h3 Rc8 24. Qd3 Qb4 25. Qf5 Rd8 26. Re2 d4 27. Qd3 Nd5 28. g3 Nc3 29. Bxc3 Qxc3 30. Qxc3 dxc3 31. Rc2 Rc8 32. Kf1 a5 33. a4 g5 34. fxg5 hxg5 35. Ke2 Kg7 36. Kd3 Rd8+ 37. Kxc3 Rh8 38. Kc4 Rxh3 39. Kb5 1-0

[Event "POL-ch 47th"]
[Site "Warsaw"]
[Date "1990.??.??"]
[Round "3"]
[White "Stempin, Pawel"]
[Black "Strzelecki, Krzysztof"]
[Result "1-0"]
[WhiteElo "2445"]
[BlackElo "2415"]
[PlyCount "47"]
[EventDate "1990.03.11"]
[EventType "tourn"]
[EventRounds "15"]
[EventCountry "POL"]
[EventCategory "7"]
[SourceTitle "EXT 1997"]
[Source "ChessBase"]
[SourceDate "1996.11.15"]
[SourceVersion "1"]
[SourceVersionDate "1996.11.15"]
[SourceQuality "1"]

1. d4 Nf6 2. Nf3 e6 3. Bg5 h6 4. Bh4 Be7 5. Nbd2 d5 6. e3 c5 7. c3 0-0 8. Bd3 b6 9. 0-0 Ba6 10. Bxa6 Nxa6 11. Ne5 Qc7 12. f4 g6 13. Rf3 Kg7 14. Rg3 Ng8 15. Ndf3 Bf6 16. Bxf6+ Nxf6 17. Nxg6 fxg6 18. Ne5 Kh7 19. Rxg6 Qb7 20. g4 Nc7 21. g5 Ng8 22. Qg4 Rae8 23. gxh6 Ne7 24. Rg7+ 1-0

[Event "Cannes op2"]
[Site "Cannes"]
[Date "1990.??.??"]
[Round "?"]
[White "Strzelecki, Krzysztof"]
[Black "Meinsohn, Pierre"]
[Result "0-1"]
[WhiteElo "2415"]
[BlackElo "2295"]
[PlyCount "81"]
[EventDate "1990.??.??"]
[EventType "swiss"]
[EventRounds "9"]
[EventCountry "FRA"]
[SourceTitle "EXT 1999"]
[Source "ChessBase"]
[SourceDate "1998.11.16"]
[SourceVersion "1"]
[SourceVersionDate "1998.11.16"]
[SourceQuality "1"]

1. e4 e5 2. Bb5 Nf6 3. d3 c6 4. Ba4 Na6 5. c3 Nc5 6. Bc2 d5 7. f3 Ne6 8. Ne2 Bd6 9. Nd2 g5 10. Nf1 h5 11. Be3 Nf4 12. Rg1 h4 13. Qd2 Be6 14. g3 hxg3 15. hxg3 Nxe2 16. Qxe2 Nd7 17. 0-0-0 Qe7 18. Kb1 0-0-0 19. Nd2 Kb8 20. Nb3 b6 21. d4 f6 22. Qa6 Nf8 23. dxe5 fxe5 24. exd5 Bxd5 25. Be4 Bxe4+ 26. fxe4 Ne6 27. Qc4 Kb7 28. Qe2 Bc7 29. Rdf1 a5 30. Rf5 a4 31. Nd2 Rhg8 32. Rgf1 Qd7 33. Kc2 Rg7 34. Nc4 b5 35. Nxe5 Bxe5 36. Rxe5 Qd6 37. Ref5 Qxg3 38. Bf2 Qg2 39. Qe3 Qxf1 40. Qb6+ Kc8 41. Qa6+ 0-1

[Event "POL-ch 47th"]
[Site "Warsaw"]
[Date "1990.??.??"]
[Round "10"]
[White "Strzelecki, Krzysztof"]
[Black "Pedzich, Dominik"]
[Result "1-0"]
[WhiteElo "2415"]
[BlackElo "2405"]
[PlyCount "37"]
[EventDate "1990.03.11"]
[EventType "tourn"]
[EventRounds "15"]
[EventCountry "POL"]
[EventCategory "7"]
[SourceTitle "EXT 1997"]
[Source "ChessBase"]
[SourceDate "1996.11.15"]
[SourceVersion "1"]
[SourceVersionDate "1996.11.15"]
[SourceQuality "1"]

1. e4 c5 2. Nf3 e6 3. Nc3 d6 4. d4 cxd4 5. Nxd4 Nf6 6. Be2 a6 7. 0-0 Be7 8. f4 Qc7 9. Qe1 0-0 10. Qg3 Qb6 11. Be3 Qxb2 12. Bf2 Qb4 13. e5 dxe5 14. fxe5 Nd5 15. Nf5 g6 16. Nxd5 exd5 17. a3 Bxf5 18. axb4 Nc6 19. c3 1-0

[Event "Val Thorens op"]
[Site "Val Thorens"]
[Date "1990.??.??"]
[Round "7"]
[White "Strzelecki, Krzysztof"]
[Black "Szabolcsi, Janos"]
[Result "1-0"]
[WhiteElo "2415"]
[BlackElo "2380"]
[PlyCount "41"]
[EventDate "1990.??.??"]
[EventType "swiss"]
[EventRounds "9"]
[EventCountry "FRA"]
[SourceTitle "EXT 1999"]
[Source "ChessBase"]
[SourceDate "1998.11.16"]
[SourceVersion "1"]
[SourceVersionDate "1998.11.16"]
[SourceQuality "1"]

1. e4 c5 2. Nf3 e6 3. Nc3 Nc6 4. d4 cxd4 5. Nxd4 Qc7 6. Be2 a6 7. 0-0 Nf6 8. Kh1 Nxd4 9. Qxd4 Bc5 10. Qd3 h5 11. Qh3 b5 12. Bf3 Qe5 13. Qh4 Be7 14. Bf4 Qc5 15. e5 Nd5 16. Qg3 g6 17. Nxd5 exd5 18. Be3 Qc7 19. Bxd5 Bb7 20. Bxf7+ Kf8 21. Qxg6 1-0

[Event "Warsaw op"]
[Site "Warsaw"]
[Date "1988.??.??"]
[Round "?"]
[White "Strzelecki, Krzysztof"]
[Black "Efimov, Igor"]
[Result "0-1"]
[WhiteElo "2360"]
[BlackElo "2395"]
[PlyCount "70"]
[EventDate "1988.??.??"]
[EventType "swiss"]
[EventRounds "9"]
[EventCountry "POL"]
[SourceTitle "EXT 2004"]
[Source "ChessBase"]
[SourceDate "2003.11.25"]
[SourceVersion "1"]
[SourceVersionDate "2003.11.25"]
[SourceQuality "1"]

1. d4 d6 2. e4 Nf6 3. Nc3 c6 4. f4 Qa5 5. Bd3 e5 6. dxe5 dxe5 7. f5 Bc5 8. Qf3 b5 9. Bd2 Qb6 10. Nge2 a5 11. g4 Na6 12. g5 Nd7 13. a4 b4 14. Nd1 Bb7 15. Bc4 Qc7 16. Nf2 Nb6 17. Bb3 0-0-0 18. Nd3 Bd6 19. c3 c5 20. cxb4 axb4 21. a5 Nd7 22. Bxf7 Kb8 23. Bc4 h6 24. h4 Qc6 25. Ng3 Nc7 26. b3 Nb5 27. Bxb5 Qxb5 28. Nb2 hxg5 29. hxg5 Rxh1+ 30. Qxh1 c4 31. Nxc4 Nc5 32. a6 Nxb3 33. Nxd6 Qd3 34. Nf1 Bxa6 35. Ra4 Qe2# 0-1

[Event "Olomouc Sigma 20th"]
[Site "Olomouc"]
[Date "1987.08.08"]
[Round "9"]
[White "Moehring, Guenther"]
[Black "Strzelecki, Krzysztof"]
[Result "1/2-1/2"]
[WhiteElo "2360"]
[BlackElo "2415"]
[PlyCount "106"]
[EventDate "1987.07.31"]
[EventType "tourn"]
[EventRounds "11"]
[EventCountry "CSR"]
[SourceTitle "EXT 2019"]
[Source "ChessBase"]
[SourceDate "2018.10.10"]
[SourceVersion "1"]
[SourceVersionDate "2018.10.10"]
[SourceQuality "1"]

1. c4 e5 2. Nc3 Nc6 3. e3 Nf6 4. d3 d5 5. cxd5 Nxd5 6. Nf3 Be7 7. Be2 0-0 8. 0-0 Be6 9. Bd2 f5 10. a3 a5 11. Rc1 Nb6 12. Na4 e4 13. Ne1 Nxa4 14. Qxa4 Qd7 15. Bc3 Bd5 16. dxe4 fxe4 17. Rd1 Kh8 18. Qxe4 Rad8 19. Bg4 Qd6 20. Qc2 Qh6 21. e4 Bd6 22. g3 Bc4 23. Be2 Bxe2 24. Qxe2 Bc5 25. Nd3 Nd4 26. Bxd4 Bxd4 27. Kg2 Qb6 28. f3 c5 29. Qc2 g5 30. b3 Qc6 31. a4 Rde8 32. Nf2 h5 33. h3 Re7 34. Qd2 Qf6 35. Nd3 h4 36. g4 Qd6 37. e5 Qd5 38. Qxg5 Ref7 39. Qxh4+ Rh7 40. Qg5 Qxb3 41. Qd2 Qxa4 42. Nf4 Qc6 43. e6 Kg8 44. Ne2 Qxe6 45. Nxd4 cxd4 46. Qxd4 b5 47. Rfe1 Qc6 48. Qd5+ Qxd5 49. Rxd5 Rb8 50. Ree5 Rhb7 51. Rg5+ Kh7 52. Rh5+ Kg8 53. Rhg5+ Kh7 1/2-1/2

[Event "Olomouc Sigma 20th"]
[Site "Olomouc"]
[Date "1987.08.06"]
[Round "7"]
[White "Schurade, Matthias"]
[Black "Strzelecki, Krzysztof"]
[Result "1/2-1/2"]
[WhiteElo "2350"]
[BlackElo "2415"]
[PlyCount "125"]
[EventDate "1987.07.31"]
[EventType "tourn"]
[EventRounds "11"]
[EventCountry "CSR"]
[SourceTitle "EXT 2019"]
[Source "ChessBase"]
[SourceDate "2018.10.10"]
[SourceVersion "1"]
[SourceVersionDate "2018.10.10"]
[SourceQuality "1"]

1. d4 Nf6 2. Nf3 d5 3. Bg5 Ne4 4. Bh4 Qd6 5. c3 Qh6 6. Nbd2 Nc6 7. Qc1 Qh5 8. h3 f5 9. g4 fxg4 10. hxg4 Bxg4 11. Bg2 Qg6 12. Nxe4 Qxe4 13. Bg3 0-0-0 14. Qf4 Qxf4 15. Bxf4 e6 16. Ng5 Rd7 17. Rxh7 Rxh7 18. Nxh7 Rf7 19. Be3 Bd6 20. Kd2 Ne7 21. Rg1 Bf5 22. Ng5 Rf6 23. Rh1 b6 24. Bf3 c5 25. a3 Rf8 26. Bh5 Nc6 27. Rg1 g6 28. Bg4 e5 29. Nf3 exd4 30. cxd4 Na5 31. Nh4 cxd4 32. Bh6 Nc4+ 33. Kc1 Rf7 34. Nxf5 gxf5 35. Bf3 Rc7 36. Kb1 Rc5 37. Rg5 Rb5 38. b4 Nxa3+ 39. Ka2 Nc2 40. Rxf5 Nxb4+ 41. Kb1 a5 42. Bd2 Nc6+ 43. Ka2 Ne7 44. Rf8+ Kb7 45. Bg5 Nc6 46. Rf7+ Ka6 47. Rd7 Nb4+ 48. Kb3 Nd3+ 49. Ka2 Nb4+ 50. Kb3 Be5 51. Bd2 d3 52. exd3 Nc6+ 53. Ka3 Rb2 54. Bxd5 Nb8 55. Bb7+ Ka7 56. Re7 Rxd2 57. Bc8+ Ka8 58. Bb7+ Ka7 59. Bc8+ Nd7 60. Rxd7+ Kb8 61. Ba6 Bb2+ 62. Kb3 Be5 63. f4 1/2-1/2